MAASAI MARA UNIVERSITY

LIBRARY CATALOGUE

Contact Us: +254 020 2685356/7 or 0774 057787

Box: 861-20500, NAROK, KENYA

Email: info@mmarau.ac.ke

_The Short-tailed Fruit Bat A Study in Plant -Animal Interactions / Theodore H. Fleming (Record no. 7386)

MARC details
000 -LEADER
fixed length control field 00502nam a2200145Ia 4500
008 - FIXED-LENGTH DATA ELEMENTS--GENERAL INFORMATION
fixed length control field 151021s9999 xx 000 0 und d
020 ## - INTERNATIONAL STANDARD BOOK NUMBER
International Standard Book Number 226253287
050 ## - LIBRARY OF CONGRESS CALL NUMBER
Classification number QL 737.57 F48 1988
245 ## - TITLE STATEMENT
Title _The Short-tailed Fruit Bat A Study in Plant -Animal Interactions / Theodore H. Fleming
260 ## - PUBLICATION, DISTRIBUTION, ETC. (IMPRINT)
Place of publication, distribution, etc. Chicago : University of Chicago Press, 1988
300 ## - PHYSICAL DESCRIPTION
Extent xii,359 p.
500 ## - GENERAL NOTE
General note Includes index
650 ## - SUBJECT ADDED ENTRY--TOPICAL TERM
Topical term or geographic name as entry element _Evolution \ and Ecology of Phyllostomid Bats
980 ## - EQUIVALENCE OR CROSS-REFERENCE-SERIES STATEMENT--PERSONAL NAME/TITLE [LOCAL, CANADA]
Personal name ^d20110705 02:07:45^okilerai

No items available.

© 2016 Maasai Mara University.